Digital computer programs for physical chemistry / (Record no. 10150)
[ view plain ]
| 000 -LEADER | |
|---|---|
| fixed length control field | 01053nam a22002891 4500 |
| 001 - CONTROL NUMBER | |
| control field | 10150 |
| 003 - CONTROL NUMBER IDENTIFIER | |
| rucl marc code | BD-RjUL |
| 005 - DATE AND TIME OF LATEST TRANSACTION | |
| control field | 20211208234912.0 |
| 008 - FIXED-LENGTH DATA ELEMENTS--GENERAL INFORMATION | |
| fixed length control field | 140123s1965 nyua 001 0 eng |
| 035 ## - SYSTEM CONTROL NUMBER | |
| System control number | (BD-RjUL)10198 |
| 040 ## - CATALOGING SOURCE | |
| Original cataloging agency | DLC/ICU |
| Transcribing agency | ICU |
| Modifying agency | DLC |
| -- | BD-RjUL |
| Language of cataloging | eng |
| 041 ## - LANGUAGE CODE | |
| Language code of text/sound track or separate title | eng |
| 082 00 - DEWEY DECIMAL CLASSIFICATION NUMBER | |
| Classification number | 541 |
| Author mark and year | DED 1965 |
| 100 1# - MAIN ENTRY--PERSONAL NAME | |
| Personal name | De Maine, Paul A. D. |
| 9 (RLIN) | 31341 |
| 245 10 - TITLE STATEMENT | |
| Title | Digital computer programs for physical chemistry / |
| Statement of responsibility, etc. | Paul A.D. De Maine. ALGOL 60 translations of the FORTRAN programs by Robert D. Seawright. |
| Number of part/section of a work | Volume II |
| 260 ## - PUBLICATION, DISTRIBUTION, ETC. (IMPRINT) | |
| Place of publication, distribution, etc. | New York : |
| Name of publisher, distributor, etc. | Macmillan , |
| Date of publication, distribution, etc. | c1965 |
| 300 ## - PHYSICAL DESCRIPTION | |
| Pagination | xxvii, 493 p.; |
| Size | 23 cm. |
| 500 ## - GENERAL NOTE | |
| General note | Vol. 2 has subtitle: ALGOL 60 translations of the FORTRAN and FOR-TO-GO programs by Robert D. Seawright. |
| 504 ## - BIBLIOGRAPHY, ETC. NOTE | |
| Bibliography, etc | Includes index. |
| 650 #0 - SUBJECT ADDED ENTRY--TOPICAL TERM | |
| Topical term or geographic name as entry element | Chemistry, Physical and theoretical. |
| 9 (RLIN) | 31342 |
| Topical term or geographic name as entry element | ALGOL (Computer program language) |
| 9 (RLIN) | 19212 |
| Topical term or geographic name as entry element | FORTRAN (Computer program language) |
| 9 (RLIN) | 879 |
| 700 1# - ADDED ENTRY--PERSONAL NAME | |
| Personal name | Seawright, Robert D. |
| 942 ## - ADDED ENTRY ELEMENTS (KOHA) | |
| Source of classification or shelving scheme | Dewey Decimal Classification |
| Koha item type | Books |
| Lost status | Source of classification or shelving scheme | Materials specified (bound volume or other part) | Damaged status | Not for loan | Permanent Location | Current Location | Shelving location | Date acquired | Source of acquisition | Cost, normal purchase price | Total Checkouts | Full call number | Date last seen | Copy number | Koha item type |
|---|---|---|---|---|---|---|---|---|---|---|---|---|---|---|---|
| Dewey Decimal Classification | V-2 | Not For Loan | Central Library, University of Rajshahi | Central Library, University of Rajshahi | Reading Room | 04/08/1970 | Zeithlinger | 175.00 | 541 DED 1965 | 23/01/2014 | C-1 | Books |